000 00423nam a2200169 i 4500
001 bg
100 1 _aDziama, Antoni
_d(1924- ).
245 1 0 _aMetodyka konstruowania maszyn /
_cA. Dziama.
260 _aWarszawa,
_c1985.
490 1 _aPodstawy Konstrukcji Maszyn
830 _aPodstawy Konstrukcji Maszyn
040 _cBPK
041 _apol
080 _a621
942 _cKS
008 s pl f |000 0 pol
999 _c2543
_d2543
856 _uhttp://koha.tu.koszalin.pl/cgi-bin/koha/opac-detail.pl?biblionumber=2543
_yKatalog online BPK